| 000 | 00845cab a2200277 4500 | ||
|---|---|---|---|
| 001 | ABS55313 | ||
| 008 | 090401t1996 xxu||||| |||| 00| 0 eng d | ||
| 035 | _a(Sirsi) u15677 | ||
| 041 | _aeng | ||
| 245 | _aBusiness parks | ||
| 260 | _c1996 | ||
| 350 | _a0 | ||
| 490 |
_aProperty Week _v55(13) 28 June 1996, 45-70(11) |
||
| 520 | _aA feature on business parks, covering crime issues, cheap energy deals and investment performance. Includes a review of the first ten years of Stockley Park. | ||
| 650 | _aBUSINESS PARKS | ||
| 650 | _aCRIME | ||
| 650 | _aENERGY COSTS | ||
| 650 | _aINVESTMENT PERFORMANCE | ||
| 650 | _aRENTAL VALUES | ||
| 650 | _aSLOUGH TRADING ESTATE | ||
| 650 | _aSTOCKLEY PARK | ||
| 650 | _aYIELDS | ||
| 690 | _aPROPERTY-COMMERCIAL PROPERTY-COMMERCIAL PROPERTY MARKET | ||
| 942 | _n0 | ||
| 948 | _c04/03/1997 | ||
| 999 |
_c10308 _d10308 |
||